000 00361nam a2200145Ia 4500
008 230711s9999||||xx |||||||||||||| ||und||
041 _aENG
082 _a320
_bRO-S
100 _aRobert A.Baron
245 0 _aSocial phychology
250 _a5th . . Ed.
260 _c1987
_aNew Delhi
_bPrentice-Hall of India Private Limited
650 _aLiterature
942 _cBK
999 _c683
_d683